000
00350nam a2200157Ia 4500
100
_a
Kiran Kumar V.G/ Nagesh/H.R
650
_a
VLSI
942
_c
BK
366
_f
25
245
_a
Fundamentals of CMOS VLSI Design
260
_b
Pearson Eduation
_c
2011
082
_a
621.395
_b
KIR
300
_a
325
546
_a
ENGLISH
_c
PAMPHALETS
999
_c
23840
_d
23840